| 000 | 00439cam a2200169ua 4500 | ||
|---|---|---|---|
| 041 |
_aeng _h |
||
| 082 |
_a624.1517 _bDAV/SH |
||
| 100 | _aDavis, Raymond E . | ||
| 245 |
_aShort course in surveying / _cRaymond E Davis. _hTextual Documents |
||
| 250 |
_a1 / _b. |
||
| 260 |
_aNew York : _bMcGraw Hill Book Company , _c1942. |
||
| 300 | _a330 ; . | ||
| 504 | _a | ||
| 700 | 1 | _aKelly, Joe Wallace . | |
| 942 | _cBK | ||
| 999 |
_c9807 _d9807 |
||